00686nam a2200217 a 450000100060000000300080000600500170001400800410003103500190007204000280009104100080011908200250012710000490015224500670020126000420026830000340031050000190034465100240036365100290038783000520041665109BD-RjUL20211209081404.0170227s1921 enkab b 001 0 eng  a(BD-RjUL)65239 aDLCcIEdSdBD-RjULbeng aeng 223a956.94bMAH 19211 aMacalister, Robert Alexander Stewart,d1870-02aA history of civilization in Palestine /cR. A. S. Macalister. aCambridge :bUniversity press,c1921. avii, 139 p. :bill. ;c17 cm. aIncludes index 0aPalestinexHistory. 0aPalestinexCivilization. aThe Cambridge manuals of science and literature